[Event "Rostock SSC op 18th"]
[Site "Rostock"]
[Date "2019.08.10"]
[Round "6"]
[White "Hoelss, Silas"]
[Black "Mueller, Rosemarie"]
[Result "0-1"]
[WhiteElo "1518"]
[BlackElo "1375"]
[PlyCount "32"]
[EventDate "2019.08.07"]
[EventType "swiss"]
[EventRounds "7"]
[EventCountry "GER"]
[SourceTitle "EXT 2020"]
[Source "ChessBase"]
[SourceDate "2019.10.17"]
[SourceVersion "1"]
[SourceVersionDate "2019.10.17"]
[SourceQuality "1"]

1. e4 e5 2. Nf3 Nc6 3. d4 d6 4. Bb5 Bd7 5. dxe5 a6 6. Bxc6 Bxc6 7. Nc3 f6 8. exd6 Bxd6 9. b3 Qe7 10. 0-0 0-0-0 11. Nd4 Bxe4 12. Qg4+ Kb8 13. Nxe4 Nh6 14. Bxh6 gxh6 15. Nf5 Qe5 16. Nxh6 Qxh2# 0-1

[Event "Rostock SSC op 18th"]
[Site "Rostock"]
[Date "2019.08.07"]
[Round "2"]
[White "Hilbig, Dieter"]
[Black "Hoelss, Silas"]
[Result "1-0"]
[WhiteElo "1943"]
[BlackElo "1518"]
[PlyCount "59"]
[EventDate "2019.08.07"]
[EventType "swiss"]
[EventRounds "7"]
[EventCountry "GER"]
[SourceTitle "EXT 2020"]
[Source "ChessBase"]
[SourceDate "2019.10.17"]
[SourceVersion "1"]
[SourceVersionDate "2019.10.17"]
[SourceQuality "1"]

1. e4 c5 2. Nc3 Nc6 3. f4 g6 4. Nf3 Bg7 5. Bc4 d6 6. 0-0 Nf6 7. e5 dxe5 8. fxe5 Nxe5 9. Nxe5 Qd4+ 10. Kh1 Qxe5 11. Bb5+ Bd7 12. Bxd7+ Nxd7 13. Qf3 Qf6 14. Qe2 Qc6 15. d3 e6 16. Ne4 0-0 17. Rb1 f5 18. Ng5 e5 19. b4 Rae8 20. Ba3 h6 21. Nh3 b6 22. Qd2 Rf7 23. Ng1 e4 24. dxe4 Rxe4 25. Rbe1 cxb4 26. Rxe4 Bc3 27. Re8+ Rf8 28. Rxf8+ Kxf8 29. Qxh6+ Bg7 30. Bxb4+ 1-0

[Event "Heusenstamm Sparkassen op-B 5th"]
[Site "Heusenstamm"]
[Date "2018.11.23"]
[Round "3"]
[White "Hoelss, Silas"]
[Black "Wiese, Frank1111"]
[Result "0-1"]
[WhiteElo "1483"]
[BlackElo "1345"]
[PlyCount "92"]
[EventDate "2018.11.22"]
[EventType "swiss"]
[EventRounds "7"]
[EventCountry "GER"]
[SourceTitle "CBM 187 Extra"]
[Source "ChessBase"]
[SourceDate "2018.11.04"]
[SourceVersion "1"]
[SourceVersionDate "2018.11.04"]
[SourceQuality "1"]

1. e4 e5 2. Nf3 Nc6 3. Bc4 Bc5 4. b4 Bxb4 5. c3 Ba5 6. d4 d6 7. Ng5 Nh6 8. Qh5 Qf6 9. 0-0 Bb6 10. Be3 exd4 11. cxd4 Bxd4 12. Bxd4 Nxd4 13. Nc3 c6 14. Rad1 Bg4 15. Bxf7+ Nxf7 16. Qxf7+ Qxf7 17. Nxf7 Bxd1 18. Nxd6+ Ke7 19. Rxd1 Kxd6 20. Rxd4+ Ke6 21. f4 Rhd8 22. Ne2 Rd7 23. Kf2 Rad8 24. Ke3 c5 25. Rxd7 Rxd7 26. e5 g6 27. Nc3 a6 28. Ne4 b6 29. Nd6 b5 30. Ke4 c4 31. Kd4 Rc7 32. g4 c3 33. f5+ Ke7 34. f6+ Ke6 35. f7 Rxf7 36. Kxc3 Rc7+ 37. Kd4 Rc2 38. Ne4 Rc4+ 39. Kd3 Kxe5 40. Nc3 Rxg4 41. Ne2 h5 42. h3 Rg2 43. Ke3 Rh2 44. Nf4 Kf5 45. a3 Ra2 46. Nd5 Rxa3+ 0-1

[Event "Rhein Main op-B 21st"]
[Site "Bad Homburg"]
[Date "2018.05.31"]
[Round "2"]
[White "Hoelss, Silas"]
[Black "Wulf, Guenter"]
[Result "1-0"]
[WhiteElo "1457"]
[BlackElo "1773"]
[PlyCount "83"]
[EventDate "2018.05.30"]
[EventType "swiss"]
[EventRounds "7"]
[EventCountry "GER"]
[SourceTitle "EXT 2019"]
[Source "ChessBase"]
[SourceDate "2018.10.10"]
[SourceVersion "1"]
[SourceVersionDate "2018.10.10"]
[SourceQuality "1"]

1. e4 e5 2. Nf3 d6 3. Nc3 c6 4. d4 exd4 5. Nxd4 Nf6 6. Bg5 Be7 7. Qf3 Nbd7 8. 0-0-0 Qa5 9. Bxf6 Bxf6 10. Nf5 0-0 11. Nxd6 Ne5 12. Qg3 Be6 13. Nxb7 Qb6 14. Nd6 Ng4 15. Rd2 Be5 16. Qf3 Rad8 17. Nc4 Bxc4 18. Rxd8 Rxd8 19. Bxc4 Nf6 20. Rd1 Rd4 21. Qf5 Qc7 22. Rxd4 Bxd4 23. Ne2 Be5 24. f4 Bxb2+ 25. Kxb2 Ne8 26. e5 g6 27. Qe4 Ng7 28. Nd4 c5 29. Nb3 Ne6 30. Bxe6 fxe6 31. Qc4 Kf7 32. Nxc5 Qc6 33. g4 h5 34. gxh5 Qb6+ 35. Kc1 gxh5 36. f5 Qa5 37. Qxe6+ Kg7 38. Qf6+ Kh7 39. Qg6+ Kh8 40. Qh6+ Kg8 41. Qg5+ Kh8 42. Qe3 1-0

[Event "Rhein Main op-B 21st"]
[Site "Bad Homburg"]
[Date "2018.05.30"]
[Round "1"]
[White "Kirchmann, Michael"]
[Black "Hoelss, Silas"]
[Result "1-0"]
[WhiteElo "1808"]
[BlackElo "1457"]
[PlyCount "85"]
[EventDate "2018.05.30"]
[EventType "swiss"]
[EventRounds "7"]
[EventCountry "GER"]
[SourceTitle "EXT 2019"]
[Source "ChessBase"]
[SourceDate "2018.10.10"]
[SourceVersion "1"]
[SourceVersionDate "2018.10.10"]
[SourceQuality "1"]

1. d4 f5 2. g3 Nf6 3. Bg2 g6 4. Nh3 Bg7 5. 0-0 0-0 6. c4 e6 7. Nc3 d5 8. cxd5 exd5 9. Bg5 c6 10. Qd2 b6 11. Bh6 Ne4 12. Nxe4 fxe4 13. Bxg7 Kxg7 14. Rac1 Bxh3 15. Bxh3 Qf6 16. f3 exf3 17. Rxf3 Qe7 18. Rxf8 Qxf8 19. Rf1 Qe7 20. Qf4 Na6 21. e4 dxe4 22. Re1 Re8 23. Bg2 Qf6 24. Rxe4 Qxf4 25. Rxf4 c5 26. Bf1 Nc7 27. dxc5 bxc5 28. Ra4 a6 29. Ra5 Re5 30. b4 Nb5 31. bxc5 Rxc5 32. a4 Rf5 33. axb5 axb5 34. Rxb5 Rxb5 35. Bxb5 Kf6 36. Kf2 h5 37. Kf3 Kg5 38. h4+ Kf5 39. Bd3+ Kf6 40. Kf4 g5+ 41. hxg5+ Kg7 42. Kf5 Kf7 43. Be2 1-0

[Event "Hessen-chC"]
[Site "Frankfurt"]
[Date "2018.05.12"]
[Round "6"]
[White "Hoelss, Silas"]
[Black "Schaefer, Jessica"]
[Result "1-0"]
[WhiteElo "1457"]
[BlackElo "1461"]
[PlyCount "115"]
[EventDate "2018.05.10"]
[EventType "swiss"]
[EventRounds "7"]
[EventCountry "GER"]
[SourceTitle "EXT 2019"]
[Source "ChessBase"]
[SourceDate "2018.10.10"]
[SourceVersion "1"]
[SourceVersionDate "2018.10.10"]
[SourceQuality "1"]

1. e4 c5 2. Nf3 Nc6 3. d4 cxd4 4. Nxd4 Nf6 5. Nc3 d6 6. Bb5 Bd7 7. 0-0 g6 8. b3 Bg7 9. Bb2 0-0 10. Bxc6 bxc6 11. Re1 Qa5 12. Nf3 Ng4 13. Na4 Bxb2 14. Nxb2 Rad8 15. h3 Ne5 16. Nxe5 dxe5 17. Nc4 Qc5 18. Qf3 f6 19. Rad1 Be6 20. Qe3 Qxe3 21. Nxe3 a6 22. c4 Rb8 23. Rd3 Rfd8 24. Red1 Rxd3 25. Rxd3 a5 26. Nd1 a4 27. Nb2 axb3 28. Rxb3 Rxb3 29. axb3 Kf8 30. Kf1 Ke8 31. Ke1 Kd7 32. Kd2 c5 33. Na4 Kc6 34. Kc3 f5 35. Kd3 f4 36. Kc3 f3 37. g4 h5 38. gxh5 gxh5 39. h4 Bc8 40. b4 cxb4+ 41. Kxb4 Bb7 42. c5 Kc7 43. Nc3 Kc6 44. Nd5 e6 45. Ne7+ Kd7 46. Ng6 Bxe4 47. Nxe5+ Kc7 48. Kc4 Bb7 49. Kd4 Bd5 50. Ke3 Bc6 51. Nxf3 Bxf3 52. Kxf3 Kc6 53. Ke4 Kxc5 54. Ke5 Kc4 55. Kxe6 Kd4 56. Kf5 Kd3 57. Kg5 Ke4 58. f4 1-0

[Event "Rhein Main op-B 20th"]
[Site "Bad Homburg"]
[Date "2017.06.15"]
[Round "2"]
[White "Hoelss, Silas"]
[Black "Lessmann, Sven"]
[Result "1-0"]
[WhiteElo "1234"]
[BlackElo "1556"]
[PlyCount "67"]
[EventDate "2017.06.14"]
[EventType "swiss"]
[EventRounds "7"]
[EventCountry "GER"]
[SourceTitle "EXT 2018"]
[Source "ChessBase"]
[SourceDate "2017.10.13"]
[SourceVersion "1"]
[SourceVersionDate "2017.10.13"]
[SourceQuality "1"]

1. e4 d6 2. Nf3 Nf6 3. Nc3 g6 4. g3 Bg7 5. Bg2 0-0 6. d3 Nc6 7. 0-0 e5 8. Bg5 Bg4 9. Nd5 h6 10. Nxf6+ Bxf6 11. Bxh6 Re8 12. c3 Bg7 13. Bxg7 Kxg7 14. Qb3 Bxf3 15. Bxf3 Qc8 16. Rad1 Rh8 17. Bg2 Rh6 18. f4 exf4 19. Rxf4 f6 20. Rdf1 g5 21. Rf5 Ne5 22. d4 Ng4 23. Re1 Rxh2 24. Bf3 Qh8 25. Bg2 Rxg2+ 26. Kxg2 Qh2+ 27. Kf1 Qh1+ 28. Ke2 Qxe4+ 29. Kd1 Qd3+ 30. Kc1 Ne3 31. Rf3 Re8 32. c4 Qc2+ 33. Qxc2 Nxc2 34. Rxe8 1-0

[Event "Karl Mala Memorial op-B 17th"]
[Site "Frankfurt"]
[Date "2014.08.03"]
[Round "7"]
[White "Winter, Thomas"]
[Black "Hoelss, Silas"]
[Result "1-0"]
[WhiteElo "1131"]
[BlackElo "990"]
[PlyCount "71"]
[EventDate "2014.07.31"]
[EventType "swiss"]
[EventRounds "7"]
[EventCountry "GER"]
[SourceTitle "EXT 2015"]
[Source "ChessBase"]
[SourceDate "2014.11.20"]
[SourceVersion "1"]
[SourceVersionDate "2014.11.20"]
[SourceQuality "1"]

1. e4 e5 2. Nf3 Nc6 3. d4 exd4 4. c3 dxc3 5. Bc4 Be7 6. Qd5 Nh6 7. Bxh6 Rf8 8. Bxg7 c2 9. Nc3 Nb4 10. Qd2 Rg8 11. 0-0 Rxg7 12. a3 Nc6 13. Qxc2 Bg5 14. Rad1 d6 15. Rfe1 Bg4 16. Rd3 Bxf3 17. Rxf3 Nd4 18. Qa4+ c6 19. Bxf7+ Rxf7 20. Rxf7 Kxf7 21. Qxd4 Bf6 22. Qd3 Qb6 23. b4 Qc7 24. Qc4+ Kg7 25. Nd5 Qf7 26. Ne3 Qd7 27. Rd1 b5 28. Qd3 Be5 29. Nf5+ Kf8 30. Qf3 Ke8 31. Qh5+ Kd8 32. Qg5+ Kc8 33. f4 Bb2 34. Rxd6 Qf7 35. Rd8+ Kb7 36. Nd6+ 1-0

[Event "Rhein Main op-B 17th"]
[Site "Bad Homburg"]
[Date "2014.06.22"]
[Round "7"]
[White "Hoelss, Silas"]
[Black "Papadopoulos, Ioannis1111"]
[Result "0-1"]
[WhiteElo "1068"]
[BlackElo "1422"]
[PlyCount "78"]
[EventDate "2014.06.18"]
[EventType "swiss"]
[EventRounds "9"]
[EventCountry "GER"]
[SourceTitle "CBM 161 Extra"]
[Source "ChessBase"]
[SourceDate "2014.08.29"]
[SourceVersion "1"]
[SourceVersionDate "2014.08.29"]
[SourceQuality "1"]

1. e4 e5 2. Nf3 Nc6 3. Bc4 Bc5 4. 0-0 d6 5. a3 Bg4 6. Bb5 Nf6 7. Bxc6+ bxc6 8. Nc3 0-0 9. d3 h6 10. Be3 Bb6 11. h3 Bh5 12. g4 Nxg4 13. hxg4 Bxg4 14. Kg2 Qf6 15. Kg3 Bh5 16. Rg1 Qe6 17. Kh2 f5 18. Ng5 Qg6 19. Nh3 Qf7 20. Qd2 f4 21. Bxb6 cxb6 22. d4 Qe6 23. d5 cxd5 24. Qxd5 Qxd5 25. Nxd5 Bf3 26. Nc7 Rac8 27. Nb5 Rxc2 28. Nxd6 Rxb2 29. Nc4 Rb5 30. Nd6 Rb2 31. Nf5 Bxe4 32. Nxh6+ Kh7 33. Ng4 Bf5 34. Ng5+ Kg8 35. Nxe5 Rxf2+ 36. Kh1 Re2 37. Nc6 Rf6 38. Nxa7 Rh6+ 39. Nh3 Rxh3# 0-1